000
00229nam a2200097Ia 4500
008
190216s9999||||xx |||||||||||||| ||und||
100
_a
Moulana Moududi
245
0
_a
Islam Matham
260
_b
Islamic Publishing House
942
_c
BK
999
_c
21968
_d
21968